[Event "19. Obert Int. Sant Marti 2017"]
[Site "Barcelona ESP"]
[Date "2017.07.17"]
[Round "5.11"]
[White "Arvola, Benjamin"]
[Black "Debarshi, Mukherjee"]
[Result "1-0"]
[WhiteElo "2469"]
[BlackElo "2301"]
[PlyCount "69"]
[EventDate "2017.07.13"]
[EventType "swiss"]
[EventRounds "9"]
[EventCountry "ESP"]
[SourceTitle "Ajedrez en Madrid"]
[Source "lmi"]
[SourceDate "2017.07.13"]
[SourceVersion "1"]
[SourceVersionDate "2019.06.21"]
[SourceQuality "1"]

1. d4 Nf6 2. c4 g6 3. Nc3 d5 4. cxd5 Nxd5 5. Bd2 Bg7 6. e4 Nxc3 7. Bxc3 O-O 8.
Qd2 Nc6 9. Nf3 Bg4 10. d5 Bxf3 11. Bxg7 Kxg7 12. gxf3 Ne5 13. Qc3 f6 14. O-O-O
Qd6 15. Bh3 c6 16. Kb1 cxd5 17. exd5 Rad8 18. Rhe1 Rfe8 19. f4 Nf7 20. Qe3 Qb6
21. Qxb6 axb6 22. Be6 Nd6 23. Rc1 Kf8 24. Rc3 f5 25. Rc7 Rb8 26. h4 Ne4 27. h5
Nxf2 28. hxg6 hxg6 29. Rg1 Ng4 30. d6 Kg7 31. Bd7 Rh8 32. dxe7 Kf7 33. Re1 Rhe8
34. Bxe8+ Kxe8 35. Rh1 1-0

[Event "19. Obert Int. Sant Marti 2017"]
[Site "Barcelona ESP"]
[Date "2017.07.17"]
[Round "5.12"]
[White "Larsson, Anders"]
[Black "Zubritskiy, Artyom"]
[Result "0-1"]
[WhiteElo "2276"]
[BlackElo "2442"]
[PlyCount "60"]
[EventDate "2017.07.13"]
[EventType "swiss"]
[EventRounds "9"]
[EventCountry "ESP"]
[SourceTitle "Ajedrez en Madrid"]
[Source "lmi"]
[SourceDate "2017.07.13"]
[SourceVersion "1"]
[SourceVersionDate "2019.06.21"]
[SourceQuality "1"]

1. d4 Nf6 2. Nf3 e6 3. Bg5 c5 4. e3 Qb6 5. Nc3 d5 6. Bxf6 gxf6 7. Rb1 Bd7 8.
Be2 Nc6 9. O-O cxd4 10. exd4 Ne7 11. Re1 Ng6 12. Bf1 O-O-O 13. b4 Kb8 14. a4
Rc8 15. a5 Qc7 16. Rb3 h5 17. Qa1 h4 18. b5 Qf4 19. Ne2 Qg4 20. h3 Qf5 21. Nc1
Nf4 22. Ne2 Qxc2 23. Rb2 Qf5 24. Nxf4 Qxf4 25. b6 a6 26. Bxa6 bxa6 27. b7 Rc6
28. Rb6 Rxb6 29. axb6 Kxb7 30. Rc1 Bd6 0-1

[Event "19. Obert Int. Sant Marti 2017"]
[Site "Barcelona ESP"]
[Date "2017.07.17"]
[Round "5.13"]
[White "Salinas Herrera, Pablo"]
[Black "Martinez, Ayelen"]
[Result "1-0"]
[WhiteElo "2438"]
[BlackElo "2279"]
[PlyCount "57"]
[EventDate "2017.07.13"]
[EventType "swiss"]
[EventRounds "9"]
[EventCountry "ESP"]
[SourceTitle "Ajedrez en Madrid"]
[Source "lmi"]
[SourceDate "2017.07.13"]
[SourceVersion "1"]
[SourceVersionDate "2019.06.21"]
[SourceQuality "1"]

1. e4 e5 2. Nf3 Nc6 3. Bb5 a6 4. Ba4 Nf6 5. O-O b5 6. Bb3 Be7 7. d3 O-O 8. Nc3
d6 9. a3 Na5 10. Ba2 Be6 11. Bxe6 fxe6 12. b4 Nc6 13. Bd2 h6 14. Ne2 Qe8 15.
Ng3 Nh5 16. a4 Nf4 17. Qb1 Rb8 18. axb5 axb5 19. Ra6 Nh3+ 20. Kh1 Rxf3 21. gxf3
Nd4 22. Qd1 Qf7 23. Kg2 Ng5 24. Bxg5 Bxg5 25. c3 h5 26. cxd4 h4 27. dxe5 Be7
28. exd6 Bxd6 29. d4 1-0

[Event "19. Obert Int. Sant Marti 2017"]
[Site "Barcelona ESP"]
[Date "2017.07.17"]
[Round "5.14"]
[White "Smirnov, Artem"]
[Black "Gonzalez Rodriguez, Jorge A."]
[Result "1-0"]
[WhiteElo "2401"]
[BlackElo "2274"]
[PlyCount "71"]
[EventDate "2017.07.13"]
[EventType "swiss"]
[EventRounds "9"]
[EventCountry "ESP"]
[SourceTitle "Ajedrez en Madrid"]
[Source "lmi"]
[SourceDate "2017.07.13"]
[SourceVersion "1"]
[SourceVersionDate "2019.06.21"]
[SourceQuality "1"]

1. d4 e6 2. c4 Nf6 3. Nf3 b6 4. a3 Bb7 5. Nc3 d5 6. Bg5 Be7 7. Qa4+ c6 8. Bxf6
Bxf6 9. cxd5 exd5 10. g3 O-O 11. Bg2 Re8 12. O-O Nd7 13. Rad1 Nf8 14. Rfe1 Ne6
15. e4 c5 16. e5 cxd4 17. Ne2 Be7 18. Nfxd4 Bf8 19. Nc3 a6 20. Nf5 Qg5 21. Nd6
Bxd6 22. exd6 b5 23. Qa5 Rad8 24. Bxd5 Bxd5 25. Nxd5 Rxd6 26. Nf6+ Qxf6 27.
Rxd6 Qxb2 28. Rd8 Rf8 29. Rxf8+ Kxf8 30. Qxa6 h5 31. Qc8+ Ke7 32. Qc5+ Kf6 33.
Qxh5 Qxa3 34. Qxb5 g5 35. Qe5+ Kg6 36. h4 1-0

[Event "19. Obert Int. Sant Marti 2017"]
[Site "Barcelona ESP"]
[Date "2017.07.17"]
[Round "5.15"]
[White "Oblitas, Carlomagno"]
[Black "Moksh, Amit Doshi"]
[Result "1/2-1/2"]
[WhiteElo "2395"]
[BlackElo "2154"]
[PlyCount "143"]
[EventDate "2017.07.13"]
[EventType "swiss"]
[EventRounds "9"]
[EventCountry "ESP"]
[SourceTitle "Ajedrez en Madrid"]
[Source "lmi"]
[SourceDate "2017.07.13"]
[SourceVersion "1"]
[SourceVersionDate "2019.06.21"]
[SourceQuality "1"]

1. e4 c5 2. Nf3 d6 3. c3 Nf6 4. Be2 g6 5. O-O Bg7 6. Re1 O-O 7. Bf1 Nc6 8. h3
e5 9. d4 cxd4 10. cxd4 exd4 11. Nxd4 Nxd4 12. Qxd4 Re8 13. Bg5 h6 14. Bxf6 Bxf6
15. Qd2 d5 16. Nc3 dxe4 17. Nxe4 Qxd2 18. Nxd2 Be6 19. Bc4 Bxb2 20. Rab1 Bc3
21. Bxe6 Bxd2 22. Red1 Rxe6 23. Rxd2 Re7 24. Rb3 Rc8 25. Ra3 a6 26. g3 Rc6 27.
Kg2 Kg7 28. Rad3 a5 29. Rd5 b6 30. g4 Rec7 31. a4 Rc4 32. Rb5 R7c6 33. Rdb2
Rxa4 34. Rxb6 Rxb6 35. Rxb6 g5 36. Ra6 Ra3 37. Kh2 a4 38. Kg2 Ra1 39. Kg3 a3
40. Kg2 f6 41. Ra7+ Kg8 42. Kf3 Kf8 43. Ke4 Ra2 44. Kf3 Ke8 45. Kg2 Kd8 46. Kf3
Kc8 47. Ke4 Re2+ 48. Kf3 Ra2 49. Ke4 Kb8 50. Ra4 Kb7 51. f3 Kb6 52. Kf5 Kb5 53.
Ra8 Kb4 54. Rb8+ Kc3 55. Ra8 Kb3 56. Rb8+ Kc2 57. Ra8 Ra1 58. Kxf6 Kb2 59. Kg6
Rf1 60. Kxh6 Rxf3 61. Kxg5 Rxh3 62. Kf5 a2 63. Rxa2+ Kxa2 64. g5 Kb3 65. g6 Kc4
66. g7 Rg3 67. Kf6 Kd5 68. Kf7 Rf3+ 69. Ke7 Rg3 70. Kf7 Ke5 71. g8=R Rxg8 72.
Kxg8 1/2-1/2

[Event "19. Obert Int. Sant Marti 2017"]
[Site "Barcelona ESP"]
[Date "2017.07.17"]
[Round "5.16"]
[White "Iniyan, P."]
[Black "Fenil, Shah"]
[Result "1/2-1/2"]
[WhiteElo "2380"]
[BlackElo "2267"]
[PlyCount "116"]
[EventDate "2017.07.13"]
[EventType "swiss"]
[EventRounds "9"]
[EventCountry "ESP"]
[SourceTitle "Ajedrez en Madrid"]
[Source "lmi"]
[SourceDate "2017.07.13"]
[SourceVersion "1"]
[SourceVersionDate "2019.06.21"]
[SourceQuality "1"]

1. d4 d5 2. c4 e6 3. Nc3 c6 4. e3 Bd6 5. b3 f5 6. Bb2 Nf6 7. Bd3 O-O 8. Qc2 Qe7
9. Nge2 Ne4 10. h4 Nd7 11. f3 Ng3 12. Rh3 Nxe2 13. Qxe2 dxc4 14. bxc4 e5 15.
O-O-O Nf6 16. Kb1 exd4 17. exd4 Qxe2 18. Nxe2 f4 19. Rhh1 Nh5 20. Rhe1 Bf5 21.
Bxf5 Rxf5 22. d5 cxd5 23. Nd4 Re5 24. Rxe5 Bxe5 25. cxd5 Nf6 26. Ne6 Bd6 27.
Bc1 Nh5 28. Kc2 Rc8+ 29. Kd3 b5 30. Bd2 Kf7 31. Ng5+ Kg8 32. Re1 Nf6 33. Re6
Bf8 34. d6 h6 35. Ne4 Kf7 36. Re5 Nxe4 37. fxe4 Bxd6 38. Rxb5 Ke6 39. Bc3 Rd8
40. Bxg7 Rg8 41. Rb7 Be5 42. Bxe5 Kxe5 43. Rb5+ Ke6 44. Ra5 Rxg2 45. Rxa7 Rh2
46. Ra6+ Ke5 47. Ra5+ Ke6 48. h5 f3 49. Ke3 f2 50. Ke2 Rh4 51. Ra4 Rxh5 52.
Kxf2 Rh3 53. Ra8 Ke5 54. Re8+ Kf4 55. e5 Rh2+ 56. Kg1 Rxa2 57. e6 Ke5 58. e7
Ke6 1/2-1/2

[Event "19. Obert Int. Sant Marti 2017"]
[Site "Barcelona ESP"]
[Date "2017.07.17"]
[Round "5.17"]
[White "Priebe, Jan"]
[Black "Morales, Jhon Alexander"]
[Result "1-0"]
[WhiteElo "2272"]
[BlackElo "2355"]
[PlyCount "81"]
[EventDate "2017.07.13"]
[EventType "swiss"]
[EventRounds "9"]
[EventCountry "ESP"]
[SourceTitle "Ajedrez en Madrid"]
[Source "lmi"]
[SourceDate "2017.07.13"]
[SourceVersion "1"]
[SourceVersionDate "2019.06.21"]
[SourceQuality "1"]

1. e4 c5 2. Nf3 d6 3. d4 Nf6 4. Nc3 cxd4 5. Nxd4 a6 6. g3 e5 7. Nb3 Nbd7 8. a4
b6 9. Bg2 Bb7 10. O-O Rc8 11. Qe2 Be7 12. Rd1 Rc7 13. Nd2 Qa8 14. Nc4 Rc6 15.
b3 O-O 16. Ba3 Qb8 17. Rd2 Ba8 18. Bb4 Rfc8 19. Rad1 Nc5 20. h4 b5 21. axb5
axb5 22. Ne3 Na6 23. Ncd5 Nxd5 24. Nxd5 Bf8 25. Bh3 Rd8 26. Ba5 Rdc8 27. Bxc8
Rxc8 28. Nb6 Nc5 29. f3 Ne6 30. Nxc8 Qxc8 31. Bb4 Nd4 32. Rxd4 exd4 33. Rxd4
Qh3 34. Qg2 Qe6 35. Kh2 f5 36. Qe2 fxe4 37. fxe4 Qe5 38. Qd3 Qf6 39. Kg1 g6 40.
Bxd6 Bg7 41. Be5 1-0

[Event "19. Obert Int. Sant Marti 2017"]
[Site "Barcelona ESP"]
[Date "2017.07.17"]
[Round "5.18"]
[White "Himanshu, Sharma"]
[Black "Vantika, Agrawal"]
[Result "1-0"]
[WhiteElo "2498"]
[BlackElo "2230"]
[PlyCount "125"]
[EventDate "2017.07.13"]
[EventType "swiss"]
[EventRounds "9"]
[EventCountry "ESP"]
[SourceTitle "Ajedrez en Madrid"]
[Source "lmi"]
[SourceDate "2017.07.13"]
[SourceVersion "1"]
[SourceVersionDate "2019.06.21"]
[SourceQuality "1"]

1. e4 c5 2. Nc3 Nc6 3. Nge2 e6 4. g3 a6 5. Bg2 Nf6 6. O-O Qc7 7. a4 Be7 8. h3
d6 9. f4 d5 10. d3 dxe4 11. dxe4 O-O 12. e5 Rd8 13. Bd2 Nd5 14. Qc1 Nxc3 15.
Nxc3 Nd4 16. Kh2 Bd7 17. Ne4 Bc6 18. Be3 b6 19. Rf2 Nf5 20. Re2 Rac8 21. Bf2
Rd7 22. c3 Rcd8 23. Qe1 h5 24. Bf3 Bxa4 25. Rd2 Rxd2 26. Nxd2 Bc6 27. Bxh5 Bb7
28. Ne4 Rd3 29. Rd1 Rxd1 30. Bxd1 Qd7 31. Bc2 Qd5 32. g4 Nh6 33. Qd2 Qxd2 34.
Nxd2 Bd8 35. Ne4 Bc7 36. Kg3 Kf8 37. h4 Ke7 38. h5 f6 39. Nxf6 gxf6 40. exf6+
Kxf6 41. g5+ Kg7 42. gxh6+ Kxh6 43. Kg4 Bd8 44. Be3 Kg7 45. f5 Bc8 46. h6+ Kh8
47. Bf4 Bf6 48. Kh5 e5 49. Bg5 Bxg5 50. Kxg5 Bb7 51. f6 Bd5 52. Kf5 Bf7 53.
Kxe5 b5 54. Kd6 b4 55. Kxc5 b3 56. Bd3 a5 57. Kb5 Bh5 58. Kxa5 Kg8 59. Kb4 Bd1
60. Bg6 Bc2 61. h7+ Kh8 62. f7 Kg7 63. h8=Q+ 1-0

[Event "19. Obert Int. Sant Marti 2017"]
[Site "Barcelona ESP"]
[Date "2017.07.17"]
[Round "5.19"]
[White "Srijit, Paul"]
[Black "Oliva Castaneda, Kevel"]
[Result "0-1"]
[WhiteElo "2247"]
[BlackElo "2497"]
[PlyCount "104"]
[EventDate "2017.07.13"]
[EventType "swiss"]
[EventRounds "9"]
[EventCountry "ESP"]
[SourceTitle "Ajedrez en Madrid"]
[Source "lmi"]
[SourceDate "2017.07.13"]
[SourceVersion "1"]
[SourceVersionDate "2019.06.21"]
[SourceQuality "1"]

1. e4 c5 2. Nf3 d6 3. d4 cxd4 4. Nxd4 Nf6 5. Nc3 a6 6. Be3 e5 7. Nf3 Qc7 8. a4
Be6 9. Ng5 Nbd7 10. Nxe6 fxe6 11. Qf3 Be7 12. Be2 Qc6 13. Rd1 O-O 14. O-O Rf7
15. Rd2 Rd8 16. Rfd1 Nf8 17. Bg5 h6 18. Bxf6 Bxf6 19. Qg3 Bg5 20. Rd3 Qb6 21.
b3 Ng6 22. Rf3 Rxf3 23. Bxf3 Rf8 24. Rf1 Qc5 25. Ne2 Qxc2 26. Qg4 Qxb3 27. Nc1
Qc4 28. Be2 Qc8 29. Nd3 Nf4 30. Nxf4 Rxf4 31. Qh3 Rxe4 32. Bg4 Kf7 33. Bh5+ g6
34. Qd3 Qc4 35. Qf3+ Bf6 36. Rb1 b6 37. a5 b5 38. h3 gxh5 39. Qxh5+ Kg7 40. Qe8
Re2 41. Qd7+ Kg6 42. Rf1 Rc2 43. Qxd6 Rc1 44. Rxc1 Qxc1+ 45. Kh2 Qc8 46. g3 Bg7
47. h4 Kh7 48. Qd3+ Kh8 49. Qd6 e4 50. Qb6 Qf8 51. Kg1 b4 52. Kf1 Qf3 0-1

[Event "19. Obert Int. Sant Marti 2017"]
[Site "Barcelona ESP"]
[Date "2017.07.17"]
[Round "5.20"]
[White "Glimbrant, Torbjorn"]
[Black "Gonzales, Jayson"]
[Result "1/2-1/2"]
[WhiteElo "2238"]
[BlackElo "2399"]
[PlyCount "91"]
[EventDate "2017.07.13"]
[EventType "swiss"]
[EventRounds "9"]
[EventCountry "ESP"]
[SourceTitle "Ajedrez en Madrid"]
[Source "lmi"]
[SourceDate "2017.07.13"]
[SourceVersion "1"]
[SourceVersionDate "2019.06.21"]
[SourceQuality "1"]

1. d4 g6 2. c4 Bg7 3. Nc3 d6 4. e4 e5 5. Nf3 Nc6 6. dxe5 dxe5 7. Qxd8+ Kxd8 8.
Bg5+ f6 9. O-O-O+ Bd7 10. Be3 Kc8 11. h3 Nd8 12. g4 h5 13. gxh5 Rxh5 14. h4 g5
15. Be2 g4 16. Nd2 Rh7 17. Rdg1 Nh6 18. f3 gxf3 19. Bxf3 Ne6 20. Ne2 c6 21. Ng3
Kc7 22. Nh5 Bh8 23. Rg6 Ng8 24. Rhg1 Ne7 25. Rh6 Rxh6 26. Bxh6 Nd4 27. Bd1 Rg8
28. Rxg8 Nxg8 29. Bg7 Bxg7 30. Nxg7 Kd6 31. Nf1 Nh6 32. Ne3 Ke7 33. b4 Kf7 34.
Nh5 f5 35. exf5 Ndxf5 36. Nxf5 Bxf5 37. Kd2 Be6 38. Kd3 Nf5 39. Ke4 Nxh4 40.
Kxe5 Bxc4 41. Kd6 Bxa2 42. Kc7 Bd5 43. Nf4 Be4 44. Kxb7 c5+ 45. Kxa7 cxb4 46.
Kb6 1/2-1/2

[Event "19. Obert Int. Sant Marti 2017"]
[Site "Barcelona ESP"]
[Date "2017.07.17"]
[Round "5.21"]
[White "Mendonca, Leon Luke"]
[Black "Eggleston, David J"]
[Result "1/2-1/2"]
[WhiteElo "2222"]
[BlackElo "2394"]
[PlyCount "84"]
[EventDate "2017.07.13"]
[EventType "swiss"]
[EventRounds "9"]
[EventCountry "ESP"]
[SourceTitle "Ajedrez en Madrid"]
[Source "lmi"]
[SourceDate "2017.07.13"]
[SourceVersion "1"]
[SourceVersionDate "2019.06.21"]
[SourceQuality "1"]

1. d4 Nf6 2. c4 e6 3. Nc3 Bb4 4. e3 O-O 5. Nge2 d5 6. a3 Bd6 7. c5 Be7 8. Nf4
b6 9. b4 c6 10. Bd2 Qc7 11. Nd3 Nbd7 12. f4 Ba6 13. Be2 bxc5 14. bxc5 Bc4 15.
O-O Rfb8 16. Ne5 Bxe2 17. Qxe2 a5 18. Rfb1 Nxe5 19. fxe5 Nd7 20. Be1 Qc8 21.
Na4 Bd8 22. Qd3 Ra7 23. Rxb8 Qxb8 24. Rb1 Rb7 25. Rxb7 Qxb7 26. Bg3 f6 27. exf6
Nxf6 28. Bh4 Qb8 29. Bxf6 gxf6 30. e4 Bc7 31. exd5 cxd5 32. g3 Qb7 33. Nb6 Qc6
34. Qa6 Be5 35. dxe5 Qxc5+ 36. Kf1 Qc1+ 37. Ke2 Qc2+ 38. Ke1 Qb1+ 39. Kf2 Qf5+
40. Kg1 Qb1+ 41. Kf2 Qf5+ 42. Kg1 Qb1+ 1/2-1/2

[Event "19. Obert Int. Sant Marti 2017"]
[Site "Barcelona ESP"]
[Date "2017.07.17"]
[Round "5.22"]
[White "Blasco Coll, Andreu"]
[Black "Grafl, Florian"]
[Result "1-0"]
[WhiteElo "2144"]
[BlackElo "2374"]
[PlyCount "75"]
[EventDate "2017.07.13"]
[EventType "swiss"]
[EventRounds "9"]
[EventCountry "ESP"]
[SourceTitle "Ajedrez en Madrid"]
[Source "lmi"]
[SourceDate "2017.07.13"]
[SourceVersion "1"]
[SourceVersionDate "2019.06.21"]
[SourceQuality "1"]

1. d4 Nf6 2. c4 g6 3. Nc3 Bg7 4. e4 O-O 5. Be3 d6 6. f3 c5 7. Nge2 Nc6 8. d5
Ne5 9. Ng3 e6 10. Be2 b5 11. Nxb5 exd5 12. cxd5 Rb8 13. O-O a6 14. Nc3 Rxb2 15.
Rb1 Rxb1 16. Qxb1 h5 17. Qc2 Ne8 18. h3 h4 19. Nh1 g5 20. Qd2 Ng6 21. Rb1 Nf4
22. Bf1 Nf6 23. Na4 Nd7 24. Nf2 f5 25. exf5 Rxf5 26. Ne4 Be5 27. Qc2 Qf8 28.
Nb6 Nxb6 29. Rxb6 Nxd5 30. Bc4 Be6 31. Qb3 Kh7 32. Rb8 Qh6 33. Qb7+ Bg7 34.
Nxg5+ Kg6 35. Bd3 Kh5 36. Bxf5 Nxe3 37. Nxe6 Nxf5 38. Qf7+ 1-0

[Event "19. Obert Int. Sant Marti 2017"]
[Site "Barcelona ESP"]
[Date "2017.07.17"]
[Round "5.23"]
[White "Karim, Ismael"]
[Black "Xu, Zhihang"]
[Result "1-0"]
[WhiteElo "2361"]
[BlackElo "2140"]
[PlyCount "117"]
[EventDate "2017.07.13"]
[EventType "swiss"]
[EventRounds "9"]
[EventCountry "ESP"]
[SourceTitle "Ajedrez en Madrid"]
[Source "lmi"]
[SourceDate "2017.07.13"]
[SourceVersion "1"]
[SourceVersionDate "2019.06.21"]
[SourceQuality "1"]

1. e4 c5 2. Nf3 Nc6 3. Bb5 g6 4. Bxc6 dxc6 5. d3 Bg4 6. Nbd2 Bg7 7. h3 Bxf3 8.
Nxf3 Nf6 9. Be3 Nd7 10. Qd2 O-O 11. O-O e5 12. b4 cxb4 13. Qxb4 b5 14. Nd2 f5
15. exf5 gxf5 16. Rae1 f4 17. Bc5 a5 18. Qb3+ Rf7 19. Ba3 Bf8 20. Bxf8 Kxf8 21.
Nf3 Qf6 22. d4 Re8 23. dxe5 Nxe5 24. Nxe5 Rxe5 25. Rxe5 Qxe5 26. Qf3 Qd5 27.
Qc3 Rg7 28. f3 Kg8 29. Re1 h6 30. Kh1 b4 31. Re8+ Kh7 32. Qe1 Qf5 33. Qe2 a4
34. Re5 Qg6 35. Re6 Qf5 36. Rxc6 Rd7 37. Rc4 Rb7 38. Qd2 a3 39. Rxf4 Rd7 40.
Qxb4 Qxc2 41. Qxa3 Qf2 42. Qa4 Rg7 43. Qe4+ Kg8 44. Qe6+ Kh7 45. Qe4+ Kg8 46.
Rg4 Rxg4 47. hxg4 Qxa2 48. Qg6+ Kf8 49. Qxh6+ Kg8 50. Qg5+ Kh8 51. Qe5+ Kg8 52.
Kh2 Qf2 53. Qg5+ Kf7 54. f4 Ke6 55. f5+ Kf7 56. f6 Qxf6 57. Qxf6+ Kxf6 58. Kg3
Kg5 59. Kh3 1-0

[Event "19. Obert Int. Sant Marti 2017"]
[Site "Barcelona ESP"]
[Date "2017.07.17"]
[Round "5.24"]
[White "Gutierrez Olivares, Daniel"]
[Black "Ahmed, Sk. Nasir"]
[Result "1-0"]
[WhiteElo "2352"]
[BlackElo "2221"]
[PlyCount "53"]
[EventDate "2017.07.13"]
[EventType "swiss"]
[EventRounds "9"]
[EventCountry "ESP"]
[SourceTitle "Ajedrez en Madrid"]
[Source "lmi"]
[SourceDate "2017.07.13"]
[SourceVersion "1"]
[SourceVersionDate "2019.06.21"]
[SourceQuality "1"]

1. e4 c5 2. Nf3 e6 3. d4 cxd4 4. Nxd4 Nc6 5. Nc3 Qc7 6. Be3 a6 7. a3 Nf6 8. f4
d6 9. Qf3 Be7 10. Bd3 Rb8 11. O-O O-O 12. Kh1 Bd7 13. Rae1 g6 14. Qg3 Nh5 15.
Qf2 Nf6 16. Qg3 Nh5 17. Qf3 Nf6 18. Nxc6 Bxc6 19. Qh3 b5 20. f5 e5 21. Bh6 Rfe8
22. Bg5 Qd8 23. Qh4 Nd7 24. f6 Bf8 25. Re3 h6 26. Rh3 Bg7 27. Bxh6 1-0

[Event "19. Obert Int. Sant Marti 2017"]
[Site "Barcelona ESP"]
[Date "2017.07.17"]
[Round "5.25"]
[White "Meza Ponce, Jerry"]
[Black "Dhulipalla, Bala Chandra Prasad"]
[Result "0-1"]
[WhiteElo "2116"]
[BlackElo "2335"]
[PlyCount "148"]
[EventDate "2017.07.13"]
[EventType "swiss"]
[EventRounds "9"]
[EventCountry "ESP"]
[SourceTitle "Ajedrez en Madrid"]
[Source "lmi"]
[SourceDate "2017.07.13"]
[SourceVersion "1"]
[SourceVersionDate "2019.06.21"]
[SourceQuality "1"]

1. e4 e5 2. Nf3 Nc6 3. Bb5 a6 4. Bxc6 dxc6 5. O-O Bg4 6. h3 h5 7. d3 Qf6 8.
Nbd2 g5 9. b3 Qg7 10. Nc4 f6 11. hxg4 hxg4 12. Nxg5 Qh6 13. Nh3 Qg6 14. Ng5 Qh5
15. Nh3 Qg6 16. Ng5 Qh5 17. Nh3 Bc5 18. Be3 Bb4 19. f4 Bc3 20. fxe5 Bxa1 21.
Rf5 Qh4 22. Bf2 Bd4 23. Bxd4 gxh3 24. exf6 O-O-O 25. Bf2 Qh7 26. g3 Nh6 27. Rf4
h2+ 28. Kh1 Nf7 29. Rh4 Qg6 30. Qg4+ Qxg4 31. Rxg4 Rh6 32. Rf4 Kd7 33. Ne3 Ke6
34. Ng4 Rh3 35. d4 b5 36. c4 bxc4 37. bxc4 Rb8 38. d5+ cxd5 39. cxd5+ Kd6 40.
Nxh2 Rbh8 41. Rh4 R3xh4 42. gxh4 Ke5 43. Bg3+ Kxe4 44. Bxc7 Rxh4 45. d6 Kf5 46.
Kg2 Ra4 47. Nf1 Kxf6 48. Kf3 Ke6 49. Ke3 Nxd6 50. Kd3 Rxa2 51. Nd2 Kd5 52. Nb1
Kc6 53. Bd8 Nb5 54. Nd2 Ra3+ 55. Kc2 Rc3+ 56. Kb2 Rd3 57. Ba5 Nd4 58. Bc3 Ne2
59. Bb4 Kb5 60. Kc2 Rd7 61. Bf8 Nd4+ 62. Kb2 Ne6 63. Bh6 Rh7 64. Be3 Rh3 65.
Ba7 a5 66. Nb1 Kb4 67. Bb8 Rb3+ 68. Ka2 Rd3 69. Be5 Nc5 70. Bf4 Ne4 71. Bc1 Rg3
72. Ba3+ Ka4 73. Bc1 Rg2+ 74. Bb2 Kb4 0-1

[Event "19. Obert Int. Sant Marti 2017"]
[Site "Barcelona ESP"]
[Date "2017.07.17"]
[Round "5.26"]
[White "Manush, Shah"]
[Black "Akash Pc, Iyer"]
[Result "0-1"]
[WhiteElo "2016"]
[BlackElo "2300"]
[PlyCount "126"]
[EventDate "2017.07.13"]
[EventType "swiss"]
[EventRounds "9"]
[EventCountry "ESP"]
[SourceTitle "Ajedrez en Madrid"]
[Source "lmi"]
[SourceDate "2017.07.13"]
[SourceVersion "1"]
[SourceVersionDate "2019.06.21"]
[SourceQuality "1"]

1. d4 g6 2. Nf3 Bg7 3. Nc3 d6 4. e4 Nf6 5. Be2 O-O 6. h3 Nbd7 7. Be3 c6 8. Qd2
b5 9. a3 Qc7 10. O-O Bb7 11. Bh6 a6 12. Bxg7 Kxg7 13. Qe3 e5 14. Rad1 Rfe8 15.
dxe5 dxe5 16. Rd2 Nf8 17. Qc5 N6d7 18. Qd6 Qb6 19. Rfd1 Rad8 20. Qd3 Ne6 21.
Qe3 Qc7 22. g3 f6 23. h4 c5 24. a4 Nd4 25. axb5 axb5 26. Nxb5 Qc6 27. c4 f5 28.
exf5 Nf6 29. Nbxd4 exd4 30. Qg5 Ne4 31. f6+ Nxf6 32. h5 Ne4 33. Qf4 Nxd2 34.
Rxd2 Re4 35. Qg5 Rf8 36. Ne5 Qf6 37. h6+ Kg8 38. Qxf6 Rxf6 39. f4 Re3 40. Kh2
Ra6 41. Kh3 Ra1 42. Bd1 Re1 43. Bf3 Bxf3 44. Nxf3 Re3 45. Kg4 Rc1 46. Ne5 Rb3
47. Re2 d3 48. Rd2 Rc2 49. Rxd3 Rxd3 50. Nxd3 Rxc4 51. Kg5 Rc2 52. Kf6 c4 53.
Ne5 Rxb2 54. Nxc4 Rg2 55. Ne3 Rxg3 56. Nd5 Kf8 57. Ne7 Rh3 58. f5 Rf3 59. Nxg6+
hxg6 60. h7 Rh3 61. Kxg6 Rh1 62. f6 Rh2 63. f7 Rh1 0-1

[Event "19. Obert Int. Sant Marti 2017"]
[Site "Barcelona ESP"]
[Date "2017.07.17"]
[Round "5.27"]
[White "Kathmale, Sameer"]
[Black "Abhilash, Reddy M.L."]
[Result "1/2-1/2"]
[WhiteElo "2294"]
[BlackElo "2133"]
[PlyCount "39"]
[EventDate "2017.07.13"]
[EventType "swiss"]
[EventRounds "9"]
[EventCountry "ESP"]
[SourceTitle "Ajedrez en Madrid"]
[Source "lmi"]
[SourceDate "2017.07.13"]
[SourceVersion "1"]
[SourceVersionDate "2019.06.21"]
[SourceQuality "1"]

1. e4 c5 2. Nf3 d6 3. d4 cxd4 4. Nxd4 Nf6 5. Nc3 g6 6. Bg5 Bg7 7. Bb5+ Nbd7 8.
f4 O-O 9. Qe2 a6 10. Bxd7 Bxd7 11. O-O-O Rc8 12. e5 Rxc3 13. bxc3 Nd5 14. Qc4
Qa5 15. Nb3 Qa3+ 16. Kb1 Ne3 17. Qb4 Qxb4 18. cxb4 Nxd1 19. Rxd1 Bg4 20. Re1
1/2-1/2

[Event "19. Obert Int. Sant Marti 2017"]
[Site "Barcelona ESP"]
[Date "2017.07.17"]
[Round "5.28"]
[White "Gandhi, Anish"]
[Black "Kulkarni, Rakesh"]
[Result "0-1"]
[WhiteElo "2012"]
[BlackElo "2288"]
[PlyCount "96"]
[EventDate "2017.07.13"]
[EventType "swiss"]
[EventRounds "9"]
[EventCountry "ESP"]
[SourceTitle "Ajedrez en Madrid"]
[Source "lmi"]
[SourceDate "2017.07.13"]
[SourceVersion "1"]
[SourceVersionDate "2019.06.21"]
[SourceQuality "1"]

1. e4 c5 2. Nf3 e6 3. d4 cxd4 4. Nxd4 a6 5. c4 Nf6 6. Nc3 Bb4 7. Qd3 Qc7 8. a3
Be7 9. Be2 Nc6 10. O-O d6 11. Nxc6 bxc6 12. f4 a5 13. Kh1 O-O 14. Qg3 Nd7 15.
Be3 Bf6 16. Rad1 Rb8 17. e5 dxe5 18. Ne4 Be7 19. fxe5 f5 20. Bh6 Qxe5 21. Bf4
Qxb2 22. Rxd7 Qxe2 23. Rdd1 Rb6 24. c5 Rb7 25. Be5 g6 26. Nd6 Rb8 27. Ba1 f4
28. Qh3 Bd7 29. Qh6 Bf6 30. Ne4 Bxa1 31. Ng5 Qh5 32. Qxh5 gxh5 33. Rxd7 Bb2 34.
Nxe6 Rf6 35. Nd4 Bxa3 36. Rd6 Rxd6 37. cxd6 Bxd6 38. Nxc6 Ra8 39. Rd1 Bf8 40.
Kg1 a4 41. Ra1 a3 42. Ra2 Kf7 43. Kf2 Ke6 44. Nd4+ Kd5 45. Ne2 Ke4 46. g3 Bc5+
47. Kf1 f3 48. Nc3+ Kd3 0-1

[Event "19. Obert Int. Sant Marti 2017"]
[Site "Barcelona ESP"]
[Date "2017.07.17"]
[Round "5.29"]
[White "Miranda Llanes, Yerisbel"]
[Black "Rakshitta, Ravi"]
[Result "1/2-1/2"]
[WhiteElo "2285"]
[BlackElo "1974"]
[PlyCount "111"]
[EventDate "2017.07.13"]
[EventType "swiss"]
[EventRounds "9"]
[EventCountry "ESP"]
[SourceTitle "Ajedrez en Madrid"]
[Source "lmi"]
[SourceDate "2017.07.13"]
[SourceVersion "1"]
[SourceVersionDate "2019.06.21"]
[SourceQuality "1"]

1. d4 Nf6 2. c4 g6 3. Nc3 Bg7 4. e4 d6 5. Nf3 O-O 6. Be2 e5 7. O-O Nc6 8. d5
Ne7 9. b4 Nh5 10. Re1 f5 11. Ng5 Nf6 12. Bf3 Rb8 13. Bb2 h6 14. Ne6 Bxe6 15.
dxe6 Nc6 16. exf5 gxf5 17. Nd5 Nxd5 18. cxd5 Nxb4 19. a3 Na6 20. Bh5 Qg5 21.
Bf7+ Rxf7 22. exf7+ Kxf7 23. Rc1 f4 24. Qb3 h5 25. a4 Bf6 26. Ba3 Rg8 27. Qf3
Qg4 28. Rc3 Qxf3 29. Rxf3 Rd8 30. Rc3 Rd7 31. a5 b6 32. Rc4 Nc5 33. axb6 cxb6
34. g3 Kg6 35. gxf4 Nd3 36. Re3 Nxf4 37. Rc6 Be7 38. Rxe5 Kf6 39. Bb2 Nd3 40.
Re6+ Kf7 41. Ba3 Nf4 42. Rh6 Kg7 43. Bxd6 Kxh6 44. Bxf4+ Kg7 45. Rc7 Rxc7 46.
Bxc7 Bg5 47. f4 Bh6 48. Kf2 Kf7 49. Ke3 Ke8 50. h3 Kd7 51. Be5 Bf8 52. f5 Bd6
53. Ke4 b5 54. Bxd6 Kxd6 55. f6 b4 56. Kd4 1/2-1/2